[Event "Rhein Main op-A 21st"]
[Site "Bad Homburg"]
[Date "2018.06.01"]
[Round "4"]
[White "Boschek, Hans Joachim"]
[Black "Beck, Andreas"]
[Result "0-1"]
[WhiteElo "1948"]
[BlackElo "1817"]
[PlyCount "32"]
[EventDate "2018.05.30"]
[EventType "swiss"]
[EventRounds "7"]
[EventCountry "GER"]
[SourceTitle "EXT 2019"]
[Source "ChessBase"]
[SourceDate "2018.10.10"]
[SourceVersion "1"]
[SourceVersionDate "2018.10.10"]
[SourceQuality "1"]

1. Nf3 b6 2. g3 Bb7 3. Bg2 c5 4. c4 Nf6 5. Nc3 e6 6. d4 cxd4 7. Qxd4 Be7 8. e4 d6 9. 0-0 a6 10. b3 Nbd7 11. Bb2 0-0 12. Rad1 Qc7 13. Rfe1 Rad8 14. h3 Rfe8 15. Na4 Nc5 16. Nc3 e5 0-1

[Event "Rhein Main op-A 20th"]
[Site "Bad Homburg"]
[Date "2017.06.17"]
[Round "6"]
[White "Beck, Andreas"]
[Black "Bluebaum, Johanna"]
[Result "1-0"]
[WhiteElo "1823"]
[BlackElo "1956"]
[PlyCount "29"]
[EventDate "2017.06.14"]
[EventType "swiss"]
[EventRounds "7"]
[EventCountry "GER"]
[SourceTitle "EXT 2018"]
[Source "ChessBase"]
[SourceDate "2017.10.13"]
[SourceVersion "1"]
[SourceVersionDate "2017.10.13"]
[SourceQuality "1"]

1. e4 e6 2. d4 d5 3. Nc3 Nf6 4. Bg5 dxe4 5. Nxe4 Be7 6. Bxf6 gxf6 7. Nf3 f5 8. Ng3 Nd7 9. Qd2 b6 10. Bb5 a6 11. Bc6 Rb8 12. Ne5 f6 13. d5 fxe5 14. dxe6 0-0 15. exd7 1-0

[Event "Rhein Main op-A 18th"]
[Site "Bad Homburg"]
[Date "2015.06.05"]
[Round "4"]
[White "Beck, Andreas"]
[Black "Andrijunas, Zanas"]
[Result "0-1"]
[WhiteElo "1872"]
[BlackElo "1610"]
[PlyCount "52"]
[EventDate "2015.06.03"]
[EventType "swiss"]
[EventRounds "7"]
[EventCountry "GER"]
[SourceTitle "CBM 167 Extra"]
[Source "ChessBase"]
[SourceDate "2015.09.14"]
[SourceVersion "1"]
[SourceVersionDate "2015.09.14"]
[SourceQuality "1"]

1. e4 e5 2. d4 exd4 3. c3 dxc3 4. Bc4 Nc6 5. Nf3 d6 6. 0-0 Be7 7. Nxc3 Be6 8. Bb5 a6 9. Bxc6+ bxc6 10. Nd4 Qd7 11. Qe2 Bf6 12. Be3 Ne7 13. Rad1 0-0 14. h3 c5 15. Nf3 Bxc3 16. bxc3 Qa4 17. Ng5 Qxa2 18. Qh5 h6 19. Nf3 Qc4 20. e5 Nf5 21. Nd2 Qxc3 22. Bf4 Qb4 23. Bh2 a5 24. g4 g6 25. Ne4 Qxe4 26. Rfe1 Qc6 0-1

[Event "Wiesbaden op 25th"]
[Site "Wiesbaden"]
[Date "2013.08.25"]
[Round "7"]
[White "Klimshin, Ilia"]
[Black "Beck, Andreas"]
[Result "0-1"]
[WhiteElo "1717"]
[BlackElo "1867"]
[PlyCount "66"]
[EventDate "2013.08.22"]
[EventType "swiss"]
[EventRounds "7"]
[EventCountry "GER"]
[SourceTitle "CBM 156 Extra"]
[Source "ChessBase"]
[SourceDate "2013.10.22"]
[SourceVersion "1"]
[SourceVersionDate "2013.10.22"]
[SourceQuality "1"]

1. e4 c5 2. Nf3 d6 3. d4 cxd4 4. Nxd4 Nf6 5. Nc3 a6 6. Be2 e5 7. Nf3 Be7 8. 0-0 0-0 9. h3 b5 10. a3 Bb7 11. Bd3 Nbd7 12. Be3 Rc8 13. Re1 Re8 14. Rb1 Nb6 15. Bxb6 Qxb6 16. Qd2 Bf8 17. Rbc1 Rc5 18. Ra1 Qc7 19. Na2 d5 20. b4 dxe4 21. bxc5 exf3 22. g3 e4 23. Bf1 Bxc5 24. Kh2 h5 25. h4 Ng4+ 26. Kh1 Nxf2+ 27. Kh2 e3 28. Qc3 Ng4+ 29. Kh3 Qc8 30. Nc1 e2 31. Nxe2 fxe2 32. Rxe2 Rxe2 33. Bxe2 Nf2+ 0-1

[Event "Wiesbaden op 25th"]
[Site "Wiesbaden"]
[Date "2013.08.23"]
[Round "3"]
[White "Braum, Hermann Josef"]
[Black "Beck, Andreas"]
[Result "0-1"]
[WhiteElo "1550"]
[BlackElo "1884"]
[PlyCount "66"]
[EventDate "2013.08.22"]
[EventType "swiss"]
[EventRounds "7"]
[EventCountry "GER"]
[SourceTitle "EXT 2014"]
[Source "ChessBase"]
[SourceDate "2013.11.20"]
[SourceVersion "1"]
[SourceVersionDate "2013.11.20"]
[SourceQuality "1"]

1. d4 Nf6 2. Nf3 e6 3. c4 Bb4+ 4. Nc3 0-0 5. a3 Bxc3+ 6. bxc3 c5 7. Bg5 h6 8. Bh4 g5 9. Nxg5 hxg5 10. Bxg5 Qa5 11. Qd3 Ne4 12. Bd2 Nxd2 13. Qxd2 cxd4 14. Qxd4 f5 15. g3 Nc6 16. Qe3 Qe5 17. Qd2 Na5 18. Qd3 Nb3 19. f4 Qf6 20. Rb1 Nc5 21. Qc2 Rb8 22. Bg2 b6 23. 0-0 Ba6 24. Rb4 Bb7 25. Rd1 Rf7 26. Rd6 Bxg2 27. Kxg2 Ne4 28. Rd3 Rh7 29. Qc1 Qh6 30. Qh1 Qh5 31. Rb2 Rc8 32. Kf1 Kh8 33. e3 Nxg3+ 0-1

[Event "Wiesbaden op 25th"]
[Site "Wiesbaden"]
[Date "2013.08.22"]
[Round "1"]
[White "Carow, Johannes"]
[Black "Beck, Andreas"]
[Result "1-0"]
[WhiteElo "2375"]
[BlackElo "1867"]
[PlyCount "79"]
[EventDate "2013.08.22"]
[EventType "swiss"]
[EventRounds "7"]
[EventCountry "GER"]
[SourceTitle "CBM 156 Extra"]
[Source "ChessBase"]
[SourceDate "2013.10.22"]
[SourceVersion "1"]
[SourceVersionDate "2013.10.22"]
[SourceQuality "1"]

1. d4 Nf6 2. c4 e6 3. Nc3 Bb4 4. a3 Bxc3+ 5. bxc3 c5 6. e3 0-0 7. Bd3 Nc6 8. Ne2 d6 9. 0-0 e5 10. f3 Ne8 11. e4 f5 12. exf5 Bxf5 13. Bxf5 Rxf5 14. Qd3 Rf8 15. d5 Na5 16. Ng3 Nb3 17. Ra2 Nxc1 18. Rxc1 Nf6 19. Rb1 b6 20. a4 a5 21. Rab2 Rb8 22. Qf5 Re8 23. Qg5 e4 24. f4 Kf7 25. Nf5 g6 26. Ne3 Nd7 27. Qh6 Kg8 28. Qh3 Rb7 29. Rf1 Qf6 30. Ng4 Qg7 31. f5 Nf6 32. Nh6+ Kh8 33. fxg6 Qxg6 34. Rbf2 Rf8 35. Qh4 Kg7 36. Nf5+ Kh8 37. Nxd6 Rg7 38. g3 Rfg8 39. Rxf6 Qg5 40. Qxg5 1-0

[Event "Rhein Main op-A 16th"]
[Site "Bad Homburg"]
[Date "2013.06.02"]
[Round "7"]
[White "Braunberger, Gerald"]
[Black "Beck, Andreas"]
[Result "0-1"]
[WhiteElo "1961"]
[BlackElo "1616"]
[PlyCount "36"]
[EventDate "2013.05.29"]
[EventType "swiss"]
[EventRounds "7"]
[EventCountry "GER"]
[SourceTitle "EXT 2014"]
[Source "ChessBase"]
[SourceDate "2013.11.20"]
[SourceVersion "1"]
[SourceVersionDate "2013.11.20"]
[SourceQuality "1"]

1. c4 e5 2. g3 Nf6 3. Bg2 Bc5 4. Nc3 0-0 5. e3 Nc6 6. Nge2 Re8 7. 0-0 d6 8. a3 a5 9. Qc2 Bg4 10. d3 Qd7 11. Re1 Nd8 12. Na4 c6 13. Bd2 Ne6 14. Bc3 Ng5 15. h4 Nf3+ 16. Bxf3 Bxf3 17. Kh2 Ng4+ 18. Kg1 Nxe3 0-1